000 00704nas a2200241 4500
001 BR9507316
003 BR-BrBNA
005 20231205095434.0
007 ta
008 230509b bl.|||p| |||| 00| 00por d
040 _aBR-BrBNA
_bpor
_cBiblioteca Nacional de Agricultura
041 _a(Pt)
072 _aL73
100 1 _aHipolito, O.
100 1 _aLamas, J.M.
100 1 _aGodoy, A.M. de
245 1 _aOtite media dos suinos
650 _aSUÍNO
650 _aOtite
773 0 _tArquivos da Escola Superior de Veterinaria da Universidade Rural do Estado de Minas Gerais (Brazil)
_x
_g(1958), v. 11 p. 351-356
_wBR9507316
909 _a202311
_bLúcia
_c55
_dLúcia Elande
942 _2AGRIS
_n0
_cANA
999 _c150672
_d150672